| 000 | 00733nam a2200229Ia 4500 | ||
|---|---|---|---|
| 003 | OSt | ||
| 005 | 20220923212037.0 | ||
| 006 | a|||||r|||| 00| 0 | ||
| 007 | ta | ||
| 008 | 220922b |||||||| |||| 00| 0 hin d | ||
| 024 | _a150,228 | ||
| 037 | _cTextual | ||
| 040 |
_aARTS _cARTS _bhin |
||
| 041 |
_2hin _ahin |
||
| 082 | _aAwM47, 152K9 | ||
| 100 |
_aमिलर, फ्रन्सिस ट्रेवेलियन _9161948 |
||
| 245 | 0 | _aटामस एडीसन, अनु एन सिहं | |
| 246 | _aṬāmas eḍīsana, anu en sihan | ||
| 260 | _c1969 | ||
| 942 |
_hAwM47, 152K9 _cTEXL _2CC |
||
| 999 |
_c305908 _d305908 |
||